Miglior Portiere del Mondiale - Statistics

Statistiche generali
  • Questo quiz è stato fatto 50 volte
  • Il punteggio medio è 7 su 8
Statistiche sulle risposte
Edizione Nazionale Miglior giocatore % Corretto
2006 Italia Gianluigi Buffon
100%
2022 Argentina Emiliano Martínez
96%
2014 Germania Manuel Neuer
96%
2010 Spagna Iker Casillas
94%
2018 Belgio Thibaut Courtois
92%
2002 Germania Oliver Kahn
88%
1998 Francia Fabien Barthez
67%
1994 Belgio Michel Preud'homme
29%
Nessun quiz corrispondente trovato
Distribuzione punteggi
Percentuale di utenti per punteggio
Percentile per numero di risposta
I tuoi punteggi nel tempo
Non hai fatto questo quiz